| 000 | 00411cam a2200181ua 4500 | ||
|---|---|---|---|
| 001 | 9310 | ||
| 008 | 150302n ii |||gr||||Z||||||asm | ||
| 040 | _cMAIN | ||
| 041 | _aasm | ||
| 082 | _a336 | ||
| 100 |
_aGoswami, N., _eAuthor. |
||
| 245 | 1 |
_aCharkari bitta _cBy Nanigopal Goswami |
|
| 250 | _a4th rev. | ||
| 260 |
_aGuwahati: _bJyoti, _c2004. |
||
| 300 | _a672p. | ||
| 653 | _aPublic finance | ||
| 942 | _cBK | ||
| 999 |
_c8375 _d8375 |
||